[Event "Niedersachsen-ch Seniors 51st"]
[Site "Handeloh"]
[Date "2017.06.21"]
[Round "4"]
[White "Adibekian, Roubik"]
[Black "Jentsch, Dieter"]
[Result "1-0"]
[WhiteElo "2024"]
[BlackElo "2034"]
[PlyCount "111"]
[EventDate "2017.06.18"]
[EventType "swiss"]
[EventRounds "7"]
[EventCountry "GER"]
[SourceTitle "EXT 2023"]
[Source "ChessBase"]
[SourceDate "2022.10.05"]
[SourceVersion "1"]
[SourceVersionDate "2022.10.05"]
[SourceQuality "1"]

1. d4 d5 2. g3 Nf6 3. Bg2 c5 4. c3 Nc6 5. Nf3 Bf5 6. 0-0 e6 7. Nbd2 Be7 8. dxc5 Bxc5 9. Nb3 Bb6 10. Nbd4 Be4 11. Qa4 Rc8 12. Ne5 Bxg2 13. Kxg2 0-0 14. Ndxc6 bxc6 15. Bg5 Qd6 16. Bxf6 gxf6 17. Qg4+ Kh8 18. Nd3 Rg8 19. Qh4 e5 20. a4 Bc7 21. b4 e4 22. Nc5 f5 23. f3 Rg6 24. fxe4 f4 25. Rf3 fxg3 26. hxg3 Rcg8 27. Rh1 Rxg3+ 28. Kf1 Qg6 29. Rxg3 Bxg3 30. Qh5 Qg7 31. exd5 cxd5 32. Qxd5 Be5 33. Nd3 Bxc3 34. Qe4 Bd4 35. Ke1 Be3 36. Qe5 Qxe5 37. Nxe5 Rc8 38. Nd3 f5 39. Kf1 Rg8 40. Ne1 Rg4 41. Nd3 Kg7 42. Ke1 Kf6 43. Kd1 h6 44. a5 a6 45. Rh3 Re4 46. Kc2 Kg6 47. Kb3 Bg5 48. Nc5 Re3+ 49. Rxe3 Bxe3 50. Nxa6 h5 51. Nc5 Bf4 52. b5 h4 53. a6 Bb8 54. b6 h3 55. a7 h2 56. a8Q 1-0

[Event "Oberliga Nord W 1516"]
[Site "Germany"]
[Date "2016.03.13"]
[Round "8.7"]
[White "Petkidis, Anthony"]
[Black "Jentsch, Dieter"]
[Result "1-0"]
[WhiteElo "2206"]
[BlackElo "2152"]
[PlyCount "75"]
[EventDate "2015.09.20"]
[EventType "team-tourn"]
[EventRounds "9"]
[EventCountry "GER"]
[SourceTitle "EXT 2017"]
[Source "ChessBase"]
[SourceDate "2016.10.25"]
[SourceVersion "1"]
[SourceVersionDate "2016.10.25"]
[SourceQuality "1"]
[WhiteTeam "Lister Turm"]
[BlackTeam "Wolfsburg"]
[WhiteTeamCountry "GER"]
[BlackTeamCountry "GER"]

1. c4 c6 2. e4 d5 3. exd5 cxd5 4. cxd5 Nf6 5. Nc3 Nxd5 6. Nf3 Nc6 7. Bc4 e6 8. 0-0 Be7 9. d4 0-0 10. Qe2 Nf6 11. Rd1 Nb4 12. Ne5 a6 13. Bb3 Nbd5 14. Bg5 Ne4 15. Nxd5 Bxg5 16. Qxe4 exd5 17. Bxd5 Qe7 18. Re1 g6 19. Qf3 Qf6 20. Qb3 Bf5 21. Bxb7 Rab8 22. Qf3 Qb6 23. Bd5 Qxb2 24. Nxf7 Rxf7 25. Bxf7+ Kxf7 26. g4 Rb5 27. gxf5 Rxf5 28. Qb3+ Qxb3 29. axb3 a5 30. Re5 Rxe5 31. dxe5 Bd2 32. Rd1 Bf4 33. Rd5 Ke6 34. Rxa5 Bxe5 35. Kg2 Bd6 36. h4 Be7 37. h5 g5 38. Kf3 1-0

[Event "GER-chT Seniors 24th"]
[Site "Berlin"]
[Date "2015.09.11"]
[Round "6.1"]
[White "Jentsch, Dieter"]
[Black "Felten, Joachim"]
[Result "1/2-1/2"]
[WhiteElo "2172"]
[BlackElo "2099"]
[PlyCount "37"]
[EventDate "2015.09.06"]
[EventType "team-swiss"]
[EventRounds "7"]
[EventCountry "GER"]
[SourceTitle "EXT 2018"]
[Source "ChessBase"]
[SourceDate "2017.10.13"]
[SourceVersion "1"]
[SourceVersionDate "2017.10.13"]
[SourceQuality "1"]

1. e4 e6 2. d4 d5 3. Nc3 dxe4 4. Nxe4 Nd7 5. Nf3 Ngf6 6. Ng3 c5 7. Bd3 Be7 8. 0-0 0-0 9. c3 b6 10. Qe2 Bb7 11. Re1 Qc7 12. Ne5 Rad8 13. Bf4 Nd5 14. Bd2 cxd4 15. cxd4 Bb4 16. Rac1 Qd6 17. Ne4 Qe7 18. Bxb4 Nxb4 19. Rc7 1/2-1/2

[Event "Niedersachsen-ch Seniors 49th"]
[Site "Wesel Undeloh"]
[Date "2015.07.23"]
[Round "5"]
[White "Jentsch, Dieter"]
[Black "Krneta, Slavko"]
[Result "1-0"]
[WhiteElo "2046"]
[BlackElo "1826"]
[PlyCount "47"]
[EventDate "2015.07.19"]
[EventType "swiss"]
[EventRounds "7"]
[EventCountry "GER"]
[SourceTitle "EXT 2018"]
[Source "ChessBase"]
[SourceDate "2017.10.13"]
[SourceVersion "1"]
[SourceVersionDate "2017.10.13"]
[SourceQuality "1"]

1. e4 e6 2. d4 d5 3. e5 c5 4. c3 Nc6 5. Nf3 Qb6 6. Be2 Nge7 7. dxc5 Qc7 8. 0-0 Nxe5 9. Nxe5 Qxe5 10. Bb5+ Bd7 11. Bxd7+ Kxd7 12. Qa4+ Nc6 13. b4 Kc8 14. b5 Nd8 15. Be3 Qc7 16. c4 d4 17. Bxd4 Bxc5 18. Bxc5 Qxc5 19. Nd2 b6 20. Ne4 Qe7 21. c5 Kb8 22. Rac1 bxc5 23. Nxc5 Qc7 24. Na6+ 1-0

[Event "Niedersachsen-ch Seniors 49th"]
[Site "Wesel Undeloh"]
[Date "2015.07.19"]
[Round "1"]
[White "Jentsch, Dieter"]
[Black "Merettig, Georg"]
[Result "1-0"]
[WhiteElo "2046"]
[BlackElo "1707"]
[PlyCount "67"]
[EventDate "2015.07.19"]
[EventType "swiss"]
[EventRounds "7"]
[EventCountry "GER"]
[SourceTitle "EXT 2018"]
[Source "ChessBase"]
[SourceDate "2017.10.13"]
[SourceVersion "1"]
[SourceVersionDate "2017.10.13"]
[SourceQuality "1"]

1. e4 Nc6 2. d4 e5 3. Nf3 exd4 4. Nxd4 Bc5 5. Nb3 Bb6 6. Nc3 Nf6 7. Bg5 d6 8. Be2 Qe7 9. 0-0 h6 10. Bh4 g5 11. Bg3 h5 12. Nd5 Nxd5 13. exd5 h4 14. dxc6 hxg3 15. hxg3 Qf6 16. Bh5 bxc6 17. Qf3 Qxf3 18. Bxf3 d5 19. c4 Be6 20. c5 Rh6 21. g4 f5 22. gxf5 Bxf5 23. Rfe1+ Kd7 24. g4 Be4 25. Bxe4 dxe4 26. Rad1+ Kc8 27. Rxe4 Kb7 28. cxb6 axb6 29. a3 Rah8 30. Kf1 c5 31. Rd5 Rh1+ 32. Ke2 Rb1 33. Rd2 Rh3 34. Re3 1-0

[Event "GER-chT Seniors 23rd"]
[Site "Bergen"]
[Date "2014.09.01"]
[Round "1.4"]
[White "Kirmas, Joachim"]
[Black "Jentsch, Dieter"]
[Result "0-1"]
[WhiteElo "2028"]
[BlackElo "2138"]
[PlyCount "36"]
[EventDate "2014.09.01"]
[EventType "team-swiss"]
[EventRounds "7"]
[EventCountry "GER"]
[SourceTitle "EXT 2018"]
[Source "ChessBase"]
[SourceDate "2017.10.13"]
[SourceVersion "1"]
[SourceVersionDate "2017.10.13"]
[SourceQuality "1"]

1. e4 e6 2. d4 d5 3. e5 c5 4. c3 Nc6 5. Nf3 Bd7 6. dxc5 Bxc5 7. b4 Bb6 8. b5 Na5 9. Bd3 Ne7 10. 0-0 Rc8 11. a4 Ng6 12. Re1 Qc7 13. Ng5 Nxe5 14. Bf4 Bxf2+ 15. Kh1 Bxe1 16. Nxf7 Kxf7 17. Qh5+ g6 18. Qg5 h6 0-1

[Event "GER-chA Seniors 26th"]
[Site "Bad Neuenahr"]
[Date "2014.08.08"]
[Round "4"]
[White "Jentsch, Dieter"]
[Black "Ljubarskij, Jurij"]
[Result "0-1"]
[WhiteElo "2139"]
[BlackElo "2285"]
[PlyCount "60"]
[EventDate "2014.08.05"]
[EventType "swiss"]
[EventRounds "9"]
[EventCountry "GER"]
[SourceTitle "EXT 2018"]
[Source "ChessBase"]
[SourceDate "2017.10.13"]
[SourceVersion "1"]
[SourceVersionDate "2017.10.13"]
[SourceQuality "1"]

1. e4 e5 2. Nf3 Nc6 3. Bb5 a6 4. Ba4 Nf6 5. 0-0 Be7 6. Nc3 b5 7. Bb3 0-0 8. a4 b4 9. Nd5 Bb7 10. Nxe7+ Qxe7 11. d3 Na5 12. c3 bxc3 13. bxc3 Nxb3 14. Qxb3 Rab8 15. Qd1 h6 16. Re1 d6 17. Nh4 Bc8 18. Qf3 Rb3 19. Ra3 Rb1 20. Qe2 Be6 21. Nf5 Bxf5 22. exf5 Rfb8 23. Ra2 Qd7 24. g4 Qc6 25. c4 R8b4 26. g5 hxg5 27. Bxg5 e4 28. Bxf6 exd3 29. Qf1 Rxe1 30. Qxe1 Rxc4 0-1

[Event "EU-chT ICCD Silent 21st"]
[Site "Kaunas"]
[Date "2013.06.13"]
[Round "2.2"]
[White "Orev, Petar"]
[Black "Jentsch, Dieter"]
[Result "1/2-1/2"]
[WhiteElo "2180"]
[BlackElo "2173"]
[PlyCount "48"]
[EventDate "2013.06.13"]
[EventType "team-swiss"]
[EventRounds "7"]
[EventCountry "LTU"]
[SourceTitle "EXT 2015"]
[Source "ChessBase"]
[SourceDate "2014.11.20"]
[SourceVersion "1"]
[SourceVersionDate "2014.11.20"]
[SourceQuality "1"]

1. e4 e6 2. d4 d5 3. Nd2 c5 4. Ngf3 Nf6 5. e5 Nfd7 6. c3 Nc6 7. Be2 f6 8. exf6 Nxf6 9. 0-0 Bd6 10. dxc5 Bxc5 11. Nb3 Bd6 12. Bg5 0-0 13. c4 Bc7 14. Qd2 Qd6 15. c5 Qe7 16. Rfe1 Qf7 17. Bb5 Bd7 18. Bxc6 bxc6 19. Qd4 Rab8 20. Ne5 Qe8 21. g3 a5 22. f4 Rb4 23. Qd2 Rb5 24. Rac1 Qe7 1/2-1/2

[Event "Niedersachsen-ch Seniors 47th"]
[Site "Sottrum"]
[Date "2013.03.11"]
[Round "3"]
[White "Grimm, Uwe"]
[Black "Jentsch, Dieter"]
[Result "0-1"]
[WhiteElo "2116"]
[BlackElo "2168"]
[PlyCount "107"]
[EventDate "2013.03.09"]
[EventType "swiss"]
[EventRounds "7"]
[EventCountry "GER"]
[SourceTitle "EXT 2023"]
[Source "ChessBase"]
[SourceDate "2022.10.05"]
[SourceVersion "1"]
[SourceVersionDate "2022.10.05"]
[SourceQuality "1"]

1. f4 d5 2. Nf3 Nc6 3. e3 Bg4 4. Bb5 e6 5. Bxc6+ bxc6 6. 0-0 Bd6 7. b3 Nf6 8. Bb2 0-0 9. Qe1 c5 10. Qh4 Bf5 11. d3 Be7 12. Qg3 Bg6 13. Ne5 Qd6 14. Nd2 Rfd8 15. a4 Nd7 16. e4 Bf6 17. Rae1 Bxe5 18. fxe5 Qb6 19. exd5 exd5 20. Kh1 Re8 21. Rf2 Re6 22. Nf3 Rae8 23. Ref1 d4 24. Bc1 Nxe5 25. Bf4 Nxf3 26. Bxc7 Qc6 27. gxf3 Rf6 28. Be5 Rf5 29. Bf4 Bh5 30. Rg1 Qf6 31. Bg5 Rxg5 32. Qxg5 Bxf3+ 33. Rxf3 Qxf3+ 34. Qg2 Qxg2+ 35. Rxg2 Re1+ 36. Rg1 Re2 37. Rg4 f5 38. Rf4 Re5 39. h4 a5 40. Kg2 h6 41. h5 Kf7 42. Rf2 Kf6 43. Kh3 Re1 44. Kg2 Kg5 45. Kh2 Re7 46. Kh3 Rf7 47. Kg3 f4+ 48. Kf3 Kxh5 49. Re2 g5 50. Re5 Kh4 51. Rxc5 g4+ 52. Kf2 f3 53. Kf1 Kg3 54. Rxa5 0-1

[Event "Niedersachsen-ch Seniors 47th"]
[Site "Sottrum"]
[Date "2013.03.09"]
[Round "1"]
[White "Fischer, Manfred3333"]
[Black "Jentsch, Dieter"]
[Result "0-1"]
[WhiteElo "1832"]
[BlackElo "2168"]
[PlyCount "44"]
[EventDate "2013.03.09"]
[EventType "swiss"]
[EventRounds "7"]
[EventCountry "GER"]
[SourceTitle "EXT 2023"]
[Source "ChessBase"]
[SourceDate "2022.10.05"]
[SourceVersion "1"]
[SourceVersionDate "2022.10.05"]
[SourceQuality "1"]

1. e4 e6 2. d4 d5 3. exd5 exd5 4. Bd3 c5 5. dxc5 Bxc5 6. Nc3 Nf6 7. Bg5 Be6 8. Nf3 Nbd7 9. 0-0 0-0 10. a3 a6 11. Qd2 b5 12. Rfe1 Qb6 13. b4 Bd6 14. Nd4 Rac8 15. Re3 h6 16. Bxf6 Nxf6 17. g3 Ng4 18. Re2 Be5 19. Rxe5 Nxe5 20. Nde2 Bg4 21. Kg2 Qf6 22. f4 Nf3 0-1

[Event "GER-chT Seniors 21st"]
[Site "Berlin"]
[Date "2012.09.13"]
[Round "4.33"]
[White "Boehm, Martin"]
[Black "Jentsch, Dieter"]
[Result "1/2-1/2"]
[WhiteElo "2234"]
[BlackElo "2024"]
[PlyCount "32"]
[EventDate "2012.09.10"]
[EventType "team-swiss"]
[EventRounds "7"]
[EventCountry "GER"]
[SourceTitle "CBM 150 Extra"]
[Source "ChessBase"]
[SourceDate "2012.10.19"]
[SourceVersion "1"]
[SourceVersionDate "2012.10.19"]
[SourceQuality "1"]
[WhiteTeam "Wuerttemberg Seniors"]
[BlackTeam "Niedersachsen Seniors II"]
[WhiteTeamCountry "GER"]
[BlackTeamCountry "GER"]

1. e4 e6 2. d4 d5 3. Nd2 c5 4. exd5 Qxd5 5. Ngf3 cxd4 6. Bc4 Qd6 7. 0-0 Nf6 8. Nb3 Nc6 9. Nbxd4 Nxd4 10. Nxd4 Be7 11. c3 0-0 12. Qf3 Qc7 13. Bb3 Bd7 14. Re1 Bd6 15. Qh3 e5 16. Nf5 e4 1/2-1/2

[Event "GER-chT Seniors 21st"]
[Site "Berlin"]
[Date "2012.09.12"]
[Round "3.57"]
[White "Jentsch, Dieter"]
[Black "Boehm, Eckart"]
[Result "0-1"]
[WhiteElo "2024"]
[BlackElo "1963"]
[PlyCount "90"]
[EventDate "2012.09.10"]
[EventType "team-swiss"]
[EventRounds "7"]
[EventCountry "GER"]
[SourceTitle "CBM 150 Extra"]
[Source "ChessBase"]
[SourceDate "2012.10.19"]
[SourceVersion "1"]
[SourceVersionDate "2012.10.19"]
[SourceQuality "1"]
[WhiteTeam "Niedersachsen Seniors II"]
[BlackTeam "Schleswig Holstein Seniors II"]
[WhiteTeamCountry "GER"]
[BlackTeamCountry "GER"]

1. e4 Nf6 2. e5 Nd5 3. d4 d6 4. c4 Nb6 5. exd6 exd6 6. Nc3 Nc6 7. Be3 Be7 8. Bd3 Bf6 9. Nge2 0-0 10. b3 Re8 11. 0-0 Bg4 12. Qd2 d5 13. Rac1 g6 14. c5 Nc8 15. f3 Be6 16. Bc2 N8e7 17. Ng3 Qd7 18. Nce2 Bf5 19. Nxf5 Nxf5 20. Bf2 Re7 21. Bxf5 Qxf5 22. Ng3 Qd7 23. b4 a6 24. a4 h5 25. b5 axb5 26. axb5 Nd8 27. Qf4 Bg7 28. Rb1 Ra2 29. Rfd1 Ne6 30. Qh4 f5 31. Be3 Rf7 32. c6 bxc6 33. bxc6 Qxc6 34. Rb8+ Rf8 35. Rxf8+ Kxf8 36. Rc1 Qb6 37. Kh1 Qb2 38. Qh3 Bxd4 39. Bh6+ Bg7 40. Bxg7+ Kxg7 41. Re1 Ra1 42. Nxf5+ gxf5 43. Qg3+ Kf7 44. h3 Rxe1+ 45. Qxe1 Nf4 0-1

[Event "GER-ch Seniors"]
[Site "Dresden"]
[Date "2012.08.17"]
[Round "9"]
[White "Jentsch, Dieter"]
[Black "Bachmann, Rolf"]
[Result "1-0"]
[WhiteElo "2203"]
[BlackElo "2045"]
[PlyCount "71"]
[EventDate "2012.08.09"]
[EventType "swiss"]
[EventRounds "9"]
[EventCountry "GER"]
[SourceTitle "EXT 2014"]
[Source "ChessBase"]
[SourceDate "2013.11.20"]
[SourceVersion "1"]
[SourceVersionDate "2013.11.20"]
[SourceQuality "1"]

1. e4 c5 2. c3 d5 3. e5 e6 4. d4 Nc6 5. Nf3 cxd4 6. cxd4 Bb4+ 7. Nc3 Nge7 8. Bd3 h6 9. 0-0 Bd7 10. Bc2 Rc8 11. Nh4 Na5 12. Ne2 Qc7 13. Bd3 Ng8 14. a3 Be7 15. Nf3 a6 16. Bd2 Qd8 17. Nc3 Nc4 18. Bc1 b5 19. Qe2 Kf8 20. a4 b4 21. Nd1 a5 22. Ne3 Nxe3 23. Bxe3 g6 24. Bb5 Kg7 25. Rac1 h5 26. Bxd7 Qxd7 27. Rxc8 Qxc8 28. Qb5 Qd8 29. Nd2 Qc7 30. Nb3 Qc2 31. Nxa5 Qxb2 32. Nc6 b3 33. a5 Ba3 34. a6 Ne7 35. a7 Qa2 36. Nb8 1-0

[Event "GER-ch Seniors"]
[Site "Dresden"]
[Date "2012.08.15"]
[Round "7"]
[White "Haubt, Georg"]
[Black "Jentsch, Dieter"]
[Result "1/2-1/2"]
[WhiteElo "2265"]
[BlackElo "2203"]
[PlyCount "118"]
[EventDate "2012.08.09"]
[EventType "swiss"]
[EventRounds "9"]
[EventCountry "GER"]
[SourceTitle "EXT 2014"]
[Source "ChessBase"]
[SourceDate "2013.11.20"]
[SourceVersion "1"]
[SourceVersionDate "2013.11.20"]
[SourceQuality "1"]

1. e4 e6 2. d4 d5 3. Nc3 Bb4 4. Bd3 c5 5. exd5 cxd4 6. Bb5+ Bd7 7. Bxd7+ Nxd7 8. Qxd4 Bxc3+ 9. Qxc3 Ngf6 10. dxe6 Qe7 11. Ne2 Qxe6 12. Qb4 Nd5 13. Qa3 Qe4 14. 0-0 Qxe2 15. Bg5 Qe6 16. Rfe1 Ne5 17. f4 f6 18. Bh4 Nxf4 19. Qa4+ Qc6 20. Qxf4 0-0 21. Qe4 Rac8 22. Qxc6 Rxc6 23. Re2 b5 24. Rd1 a5 25. Be1 b4 26. Rd5 Ra8 27. c3 Kf7 28. h3 Ra7 29. cxb4 axb4 30. Bxb4 Rxa2 31. Ra5 Rc1+ 32. Kh2 Rxa5 33. Bxa5 Rc5 34. Bc3 Ke6 35. Kg3 Rb5 36. Kf4 g5+ 37. Ke3 h5 38. Kd2 h4 39. Kc2 Kd5 40. b4 Rb7 41. Kb3 g4 42. Rd2+ Ke6 43. Bxe5 fxe5 44. hxg4 Rg7 45. b5 Rxg4 46. b6 h3 47. gxh3 Rg3+ 48. Kc4 Rxh3 49. b7 Rh8 50. Kc5 e4 51. Ra2 Rb8 52. Kc6 Ke5 53. Ra8 Rxb7 54. Kxb7 e3 55. Kc6 Kd4 56. Ra4+ Kd3 57. Kd5 e2 58. Ra3+ Kd2 59. Kd4 e1Q 1/2-1/2

[Event "Niedersachsen-ch Seniors op 14th"]
[Site "Bad Bevensen"]
[Date "2011.07.13"]
[Round "9"]
[White "Jentsch, Dieter"]
[Black "Villing, Dieter"]
[Result "1-0"]
[WhiteElo "2090"]
[BlackElo "2060"]
[PlyCount "22"]
[EventDate "2011.07.05"]
[EventType "swiss"]
[EventRounds "9"]
[EventCountry "GER"]
[SourceTitle "EXT 2012"]
[Source "ChessBase"]
[SourceDate "2011.11.24"]
[SourceVersion "1"]
[SourceVersionDate "2011.11.24"]
[SourceQuality "1"]

1. e4 d6 2. d4 Nf6 3. Nc3 c6 4. Nf3 Bg4 5. h3 Bh5 6. Qe2 e6 7. g4 Bg6 8. h4 h5 9. g5 Nfd7 10. Bg2 Qc7 11. Nd2 c5 1-0